Sports Quiz

Random Sports or College Quiz
Score 0/27 Timer 05:00
0 Plays Today
University Nickname % Correct
MemphisTigers
95.9%
MissouriTigers
95.9%
MarylandTerrapins
93.9%
MichiganWolverines
93.9%
Michigan St.Spartans
93.9%
Miami Fl.Hurricanes
91.8%
MarshallThundering Herd
89.8%
MinnesotaGolden Gophers
89.8%
MarquetteGolden Eagles
87.8%
MassachusettesMinutemen
85.7%
MississippiRebels
83.7%
Mississippi St.Bulldogs
79.6%
Miami Oh.Redhawks
77.6%
MontanaGrizzlies
77.6%
University Nickname % Correct
Murray St.Racers
69.4%
Morehead St.Eagles
65.3%
ManhattanJaspers
61.2%
MercerBears
55.1%
Middle Tenn. St.Blue Raiders
55.1%
Morgan St.Bears
55.1%
MaristRed Foxes
40.8%
Maryland-Eastern ShoreHawks
34.7%
MonmouthHawks
34.7%
Mississsippi Valley St.Devils
32.7%
Montana St.Bobcats
30.6%
McNeese St.Cowboys
26.5%
Mount St. Mary'sMountaineers
20.4%
Remove Ads.
Support Sporcle.
Get the best of Sporcle when you Go Orange. This ad-free experience offers more features, more stats, and more fun while also helping to support Sporcle. Thank you for becoming a member.

You're not logged in!

Compare scores with friends on all Sporcle quizzes.
OR
Log In

Show Comments

Extras

Top Quizzes Today


Score Distribution

Your Account Isn't Verified!

In order to create a playlist on Sporcle, you need to verify the email address you used during registration. Go to your Sporcle Settings to finish the process.

Report this User

Report this user for behavior that violates our Community Guidelines.

Details: